000 00602nam a2200205 i 4500
001 48939
003 ES-MaACL
005 20230906161841.0
007 t|
008 030702s1963 sp ||||1| spa d
100 1 _aCorley, T. A. B.
_940591
245 1 0 _aNapoleón III /
_cT. A. B. Corley ; [traducción de Mario Zabaleta Rico].
260 _aMadrid :
_bCid,
_c[1963]
300 _a558 p., 1 lám. ;
_c24 cm.
490 1 _aColección Junque
700 1 _aZabaleta Rico, Mario.
_9117800
830 0 _aColección Junque
_9230083
852 _aES-MaACL
_jC-23670
_bR.52244
999 _c48939
_d48939